000 00883nam a2200277Ia 4500
003 OSt
005 20220927105313.0
006 a|||||r|||| 00| 0
007 ta
008 220926b |||||||| |||| 00| 0 eng d
020 _a9004131574
024 _a173884
037 _cReference Collections
040 _aRTL
_cRTL
_beng
041 _2eng
_aeng
082 _a"Y:3217.41.N<--K19, P3"
100 _aBLUSSE Leonard Ed.
_9371536
245 0 _aArchives of the Kong Koan of Batavia
260 _aLeiden
_bBrill
_c2003
300 _a"viii, 160p"
_ccm.
500 _aBibliography p 151-156; Appendix P 140-146; Glossary P 147-149
650 _aMarriage China
_9371537
700 _a MENGHONG Chen Ed.
_9371538
942 _h"Y:3217.41.N<--K19, P3"
_cCC
999 _c691688
_d691688